Welcome to CU Library Online Public Access Catalogue (OPAC)

Strategic Management in Action (Record no. 5560)

MARC details
000 -LEADER
fixed length control field 00503nam a22001817a 4500
005 - DATE AND TIME OF LATEST TRANSACTION
control field 20250425181819.0
008 - FIXED-LENGTH DATA ELEMENTS--GENERAL INFORMATION
fixed length control field 250425b |||||||| |||| 00| 0 eng d
020 ## - INTERNATIONAL STANDARD BOOK NUMBER
International Standard Book Number 9780136078678
050 ## - LIBRARY OF CONGRESS CALL NUMBER
Classification number HD30.28
Item number .C696 COU
100 ## - MAIN ENTRY--PERSONAL NAME
Personal name Coulter Mary
245 ## - TITLE STATEMENT
Title Strategic Management in Action
Statement of responsibility, etc. Mary Coulter
250 ## - EDITION STATEMENT
Edition statement 5th Ed.
260 ## - PUBLICATION, DISTRIBUTION, ETC.
Place of publication, distribution, etc. Boston
Name of publisher, distributor, etc. Prentice Hall
Date of publication, distribution, etc. 2010
300 ## - PHYSICAL DESCRIPTION
Extent xx. 311p.
Other physical details ill. (some col.)
Dimensions 25 cm
500 ## - GENERAL NOTE
General note Includes Index
650 ## - SUBJECT ADDED ENTRY--TOPICAL TERM
Source of heading or term Management
942 ## - ADDED ENTRY ELEMENTS (KOHA)
Source of classification or shelving scheme Library of Congress Classification
Koha item type Books
Edition 5th Ed.
Suppress in OPAC No
999 ## -
-- 5560
-- 5560
Holdings
Withdrawn status Lost status Source of classification or shelving scheme Damaged status Not for loan Collection Home library Current library Shelving location Date acquired Total checkouts Full call number Barcode Date last seen Copy number Price effective from Koha item type
    Library of Congress Classification     Non-fiction Business Library (Miotso) Business Library (Miotso) General stacks 04/25/2025   HD30.28 .C696 COU BSSM00001986 04/25/2025 1 04/25/2025 Books
© 2023-2024 Copyright: Central University Libraries. All Rights Reserved | Created by: Mahone Tech Office